Principles of international politics.

Enregistré dans:
Détails bibliographiques
Auteur principal: Lerche, Charles O.
Format: Livre
Langue:English
Publié: N.Y. : O.U.P., 1956.
Sujets:
LEADER 00865nam a22002651a 4500
001 c000365386
003 CARM
005 20020717213922.0
008 851211s1956 nyu 0 eng d
010 |a 56005165 
019 1 |a 4162160  |5 LACONCORD2021 
035 |a (OCoLC)562310  |5 LACONCORD2021 
040 |a NUN  |b eng  |c NUN  |d ANL:NR 
050 0 0 |a JX1395  |b .L45 
082 0 4 |a 327 
100 1 |a Lerche, Charles O. 
245 1 0 |a Principles of international politics. 
260 |a N.Y. :  |b O.U.P.,  |c 1956. 
300 |a 430 p. 
650 0 |a International relations. 
650 0 |a World politics. 
740 0 |a International politics. 
852 8 |b CARM  |h A1:AM03B0  |i B09219  |p 0425093  |f BK 
999 f f |i 19dde9b8-92ce-58b2-b478-4e1e82fb5cfe  |s eab8c5f0-25dc-580d-8c74-a76f0e89f4c8 
952 f f |p Can circulate  |a CAVAL  |b CAVAL  |c CAVAL  |d CARM 1 Store  |e B09219  |f A1:AM03B0  |h Other scheme  |i book  |m 0425093